[Event "aut_ychb14_2008"]
[Site "Wien - JGH Brigittenau"]
[Date "2008.05.12"]
[Round "6.6"]
[White "Knappitsch, Thomas"]
[Black "Ehs, Dominik"]
[Result "0-1"]
[WhiteElo "1816"]
[BlackElo "1554"]
[PlyCount "94"]
[EventDate "2008.05.10"]

1. e4 e5 2. Nf3 Nf6 3. Nxe5 d6 4. Nf3 Nxe4 5. Qe2 Qe7 6. d3 Nf6 7. Bg5 Qxe2+ 8.
Bxe2 Be7 9. Nc3 c6 10. O-O-O Be6 11. Rde1 a5 12. Nd4 Na6 13. Bf3 Nc7 14. Kb1
Kd7 15. Re2 h6 16. Bxf6 Bxf6 17. Nxe6 Nxe6 18. Ne4 Be5 19. Bg4 b6 20. f4 Bf6
21. Nxf6+ gxf6 22. Rhe1 Rae8 23. g3 d5 24. c3 Kd6 25. Bh5 Rhf8 26. f5 Ng7 27.
Rxe8 Rxe8 28. Rxe8 Nxe8 29. Bxf7 Ng7 30. g4 Ke5 31. h4 Kf4 32. g5 hxg5 33. hxg5
Kxg5 34. Be6 Nxf5 35. Kc2 Ne7 36. d4 Kf4 37. Kd3 Kf3 38. b4 axb4 39. cxb4 b5
40. Bh3 f5 41. Bf1 f4 42. Be2+ Kf2 43. Bg4 f3 44. Kd2 Kg3 45. Bh5 Kg2 46. Ke3
f2 47. Be2 Nf5+ 0-1

[Event "aut_ychb14_2008"]
[Site "Wien - JGH Brigittenau"]
[Date "2008.05.12"]
[Round "6.7"]
[White "Riemelmoser, Markus"]
[Black "Matt, Fabian"]
[Result "0-1"]
[WhiteElo "1522"]
[BlackElo "1770"]
[PlyCount "72"]
[EventDate "2008.05.10"]

1. c4 Nf6 2. g3 c6 3. Bg2 d5 4. cxd5 cxd5 5. Nf3 Nc6 6. Nc3 e5 7. d3 Bf5 8. O-O
Bd6 9. Qb3 Na5 10. Qd1 O-O 11. a3 Rc8 12. Nb5 Bb8 13. b4 a6 14. bxa5 axb5 15.
Bd2 Bc7 16. Rb1 Bd7 17. Bb4 Re8 18. Qd2 Ra8 19. Ra1 Bxa5 20. Bxa5 Qxa5 21. Qxa5
Rxa5 22. Rfc1 Bc6 23. Nd2 Rea8 24. Nf3 Nd7 25. d4 e4 26. Ne5 Nxe5 27. dxe5 b4
28. Rcb1 Rxa3 29. Rxa3 bxa3 30. Ra1 Bb5 31. Bf1 Bc4 32. e3 b5 33. Bxc4 dxc4 34.
Kf1 b4 35. Ke2 b3 36. Rd1 a2 0-1

[Event "aut_ychb14_2008"]
[Site "Wien - JGH Brigittenau"]
[Date "2008.05.12"]
[Round "6.8"]
[White "Duan, Felix"]
[Black "Stolzlechner, Andreas"]
[Result "1-0"]
[WhiteElo "1476"]
[BlackElo "1520"]
[PlyCount "51"]
[EventDate "2008.05.10"]

1. e4 g6 2. d4 Bg7 3. Nc3 c6 4. Nf3 d6 5. Be2 Nf6 6. O-O O-O 7. h3 Nbd7 8. Be3
e5 9. dxe5 Nxe5 10. Qd2 Be6 11. Rad1 Ne8 12. Bh6 Qf6 13. Bg5 Nxf3+ 14. Bxf3 Qe5
15. Be7 Bc4 16. Bxf8 Bxf1 17. Bxg7 Kxg7 18. Rxf1 f5 19. Re1 fxe4 20. Rxe4 Qf6
21. Qe2 Kf8 22. Qe3 Ng7 23. Bg4 d5 24. Rf4 Nf5 25. Bxf5 gxf5 26. Qf3 1-0

[Event "aut_ychb14_2008"]
[Site "Wien - JGH Brigittenau"]
[Date "2008.05.12"]
[Round "6.9"]
[White "Liao, Kevin"]
[Black "Gmasz, Patrick"]
[Result "1-0"]
[WhiteElo "1728"]
[BlackElo "1509"]
[PlyCount "97"]
[EventDate "2008.05.10"]

1. d4 d5 2. c4 e6 3. Nf3 Nf6 4. e3 c6 5. Bd3 Nbd7 6. O-O Be7 7. Nc3 O-O 8. Qc2
dxc4 9. Bxc4 c5 10. Rd1 b6 11. d5 exd5 12. Nxd5 Nxd5 13. Bxd5 Rb8 14. e4 Qc7
15. Bg5 Ne5 16. Nxe5 Qxe5 17. Bxe7 Qxe7 18. Rd3 Be6 19. Rad1 Bxd5 20. Rxd5 Rbd8
21. Qd2 Rxd5 22. Qxd5 h6 23. f3 Qc7 24. Qd7 Qxd7 25. Rxd7 Ra8 26. Kf2 Kf8 27.
Ke3 Ke8 28. Rb7 Kf8 29. b3 g6 30. Kd3 Rd8+ 31. Kc3 Ra8 32. Kc4 Rd8 33. Kc3 Ra8
34. h4 g5 35. hxg5 hxg5 36. a4 Ke8 37. Kc4 Rd8 38. Rxa7 Rd2 39. Rb7 Rxg2 40.
Rxb6 Rf2 41. a5 Ra2 42. a6 Kd8 43. Kxc5 Kc7 44. Rb7+ Kc8 45. Kb6 Rb2 46. Rc7+
Kd8 47. Rc3 Ra2 48. a7 Kd7 49. Kb7 1-0

[Event "aut_ychb14_2008"]
[Site "Wien - JGH Brigittenau"]
[Date "2008.05.13"]
[Round "7.1"]
[White "Handler, Lukas"]
[Black "Bachner, Karsten"]
[Result "1-0"]
[WhiteElo "1908"]
[BlackElo "1576"]
[PlyCount "95"]
[EventDate "2008.05.10"]

1. d4 d5 2. c4 e6 3. Nc3 Nf6 4. cxd5 exd5 5. Bg5 Be7 6. e3 c6 7. Qc2 O-O 8. Bd3
Nbd7 9. Nf3 Re8 10. O-O Nf8 11. Rab1 Ne4 12. Bxe7 Qxe7 13. Rfc1 Bg4 14. Ne1 Ng6
15. b4 a6 16. a4 Nh4 17. b5 axb5 18. axb5 f5 19. bxc6 bxc6 20. Bxe4 fxe4 21.
Na4 Ra6 22. Nc5 Ra7 23. Rb6 Bd7 24. Nxd7 Qxd7 25. Qxc6 Qxc6 26. Rbxc6 Nf5 27.
g3 Ree7 28. Ng2 Red7 29. Nf4 g5 30. Ne6 h6 31. Nc5 Rd6 32. Rxd6 Nxd6 33. Rb1
Nc4 34. Rc1 Ra2 35. Nxe4 dxe4 36. Rxc4 Ra6 37. Rc7 Rd6 38. Kg2 g4 39. h3 h5 40.
hxg4 hxg4 41. Re7 Rg6 42. Rxe4 Kf7 43. Re5 Rg8 44. f3 gxf3+ 45. Kxf3 Ra8 46. g4
Ra6 47. g5 Kg6 48. Kf4 1-0

[Event "aut_ychb14_2008"]
[Site "Wien - JGH Brigittenau"]
[Date "2008.05.13"]
[Round "7.2"]
[White "Fröwis, Annika"]
[Black "Kammerer, Gernot"]
[Result "0-1"]
[WhiteElo "1906"]
[BlackElo "2001"]
[PlyCount "106"]
[EventDate "2008.05.10"]

1. e4 c5 2. Nf3 d6 3. d4 cxd4 4. Nxd4 Nf6 5. Nc3 g6 6. Be3 Bg7 7. f3 O-O 8. Qd2
Nc6 9. O-O-O d5 10. Nxc6 bxc6 11. exd5 Nxd5 12. Nxd5 cxd5 13. Qxd5 Qc7 14. Qc5
Qb8 15. Qb5 Qxb5 16. Bxb5 Rb8 17. Bc4 Bxb2+ 18. Kd2 a5 19. Ke2 Bf5 20. Bd3 Be6
21. c4 Rfc8 22. Bd2 Bxc4 23. Bxc4 Rxc4 24. Bxa5 Bf6 25. Rd2 Ra4 26. Bc7 Rba8
27. Rhd1 Rxa2 28. Bb6 Bc3 29. Rxa2 Rxa2+ 30. Kf1 Rd2 31. Rc1 Bd4 32. Ke1 Rd3
33. Ba5 Bf6 34. Rc8+ Kg7 35. Bb4 g5 36. Ke2 Rb3 37. Bd2 h5 38. h3 h4 39. Rc5
Kg6 40. Rc6 Rb2 41. Kd3 e6 42. Rc4 Be5 43. Rg4 Rxd2+ 44. Kxd2 Bf4+ 45. Kd3 f5
46. Rxf4 gxf4 47. Kd4 Kf6 48. Kc4 Ke7 49. Kc5 Kd7 50. Kd4 Kd6 51. Kc4 e5 52.
Kc3 Kc5 53. Kd3 Kd5 0-1

[Event "aut_ychb14_2008"]
[Site "Wien - JGH Brigittenau"]
[Date "2008.05.13"]
[Round "7.3"]
[White "Dalnodar, Bernhard"]
[Black "Wertjanz, David"]
[Result "1/2-1/2"]
[WhiteElo "1722"]
[BlackElo "2031"]
[PlyCount "126"]
[EventDate "2008.05.10"]

1. Nf3 Nf6 2. g3 d5 3. Bg2 Bg4 4. d3 c6 5. O-O Nbd7 6. Nbd2 e5 7. e4 dxe4 8.
dxe4 Bc5 9. h3 Bh5 10. Qe2 O-O 11. g4 Bg6 12. Nh4 Re8 13. Nf5 Qc7 14. Nc4 b5
15. Nce3 Nf8 16. c3 Ne6 17. Nc2 Nf4 18. Qf3 Rad8 19. Be3 Bxe3 20. Ncxe3 Bxf5
21. gxf5 Rd2 22. Rab1 Red8 23. Rfd1 Rxd1+ 24. Rxd1 Rxd1+ 25. Nxd1 Qd7 26. Kh2
Qd2 27. Bf1 h6 28. c4 a6 29. cxb5 axb5 30. Kg3 Qc2 31. Kh2 Nxe4 32. Kg1 Ng5 33.
Qg4 Ngxh3+ 34. Bxh3 Nxh3+ 35. Qxh3 Qxd1+ 36. Kg2 Qd5+ 37. Kg1 Qxa2 38. Qg4 Qxb2
39. Qe4 Qc1+ 40. Kg2 Qg5+ 41. Kf1 Qc1+ 42. Kg2 Qc4 43. Qb1 b4 44. Qa1 b3 45.
Qa8+ Kh7 46. f6 gxf6 47. Qb7 Kg7 48. Kh2 Qc2 49. Qb4 b2 50. Qg4+ Kh7 51. Qd7
Qxf2+ 52. Kh3 Qf3+ 53. Kh4 Kg6 54. Qxf7+ Kf5 55. Qg6+ Ke6 56. Qf7+ Kd6 57. Qe6+
Kc5 58. Qc4+ Kb6 59. Qa6+ Kc7 60. Qc8+ Kd6 61. Qe6+ Kc5 62. Qc4+ Kb6 63. Qa6+
Kxa6 1/2-1/2

[Event "aut_ychb14_2008"]
[Site "Wien - JGH Brigittenau"]
[Date "2008.05.13"]
[Round "7.4"]
[White "Ehs, Dominik"]
[Black "Schnegg, Martin"]
[Result "0-1"]
[WhiteElo "1554"]
[BlackElo "2057"]
[PlyCount "60"]
[EventDate "2008.05.10"]

1. e4 c5 2. Nc3 Nc6 3. g3 g6 4. Bg2 e5 5. d3 Bg7 6. f4 d6 7. Nf3 Nge7 8. O-O f5
9. fxe5 Nxe5 10. Nxe5 Bxe5 11. Bf4 Be6 12. Bxe5 dxe5 13. exf5 gxf5 14. Qe2 Qd4+
15. Qf2 O-O-O 16. Rae1 Ng6 17. h4 h5 18. a3 a6 19. Kh2 Kb8 20. Qe3 Rdg8 21. Bh3
Qd7 22. Rg1 Qc7 23. Ref1 f4 24. gxf4 Bxh3 25. Qxh3 Nxf4 26. Qf3 Qe7 27. Qf2 Rg4
28. Rxg4 hxg4 29. Rh1 Rxh4+ 30. Kg1 Nh3+ 0-1

[Event "aut_ychb14_2008"]
[Site "Wien - JGH Brigittenau"]
[Date "2008.05.13"]
[Round "7.5"]
[White "Matt, Fabian"]
[Black "Liao, Kevin"]
[Result "0-1"]
[WhiteElo "1770"]
[BlackElo "1728"]
[PlyCount "134"]
[EventDate "2008.05.10"]

1. e4 c5 2. Nf3 g6 3. d4 cxd4 4. Nxd4 Bg7 5. Nc3 d6 6. Be3 Nf6 7. f3 O-O 8. Qd2
Nc6 9. Bc4 Ne5 10. Bb3 Bd7 11. O-O-O a5 12. a3 a4 13. Ba2 Rb8 14. g4 b5 15. h4
Nc4 16. Bxc4 bxc4 17. Na2 Qc7 18. Nb4 c3 19. Qxc3 Qxc3 20. bxc3 Rfc8 21. Kb2
Rc4 22. h5 Rbc8 23. Rd3 Rb8 24. hxg6 fxg6 25. g5 Nh5 26. Ka2 Kf7 27. Rf1 Rc7
28. Bd2 e5 29. Ne2 Bb5 30. Re3 Bxe2 31. Rxe2 Ng3 32. Ref2 Nxf1 33. Rxf1 Ke6 34.
Rh1 Rf7 35. Rxh7 Rh8 36. Rxh8 Bxh8 37. Nd5 Rxf3 38. Nb6 Rf2 39. Bc1 Re2 40.
Nxa4 Rxe4 41. Nb6 d5 42. a4 Kd6 43. Kb3 d4 44. c4 Bg7 45. a5 Kc6 46. Ba3 Rf4
47. Nd5 Rf3+ 48. Ka4 e4 49. a6 Rf7 50. Ka5 e3 51. Ne7+ Rxe7 52. Bxe7 e2 53. Bb4
Bf8 54. Be1 Bc5 55. Ka4 Kb6 56. Kb3 Kxa6 57. Kb2 Be7 58. Kb3 Bxg5 59. c5 Kb5
60. c6 Bf4 61. c4+ Kxc6 62. Kc2 Kc5 63. Kd3 g5 64. Bf2 Be3 65. Bxe3 e1=Q 66.
Bxd4+ Kc6 67. Be3 g4 0-1

[Event "aut_ychb14_2008"]
[Site "Wien - JGH Brigittenau"]
[Date "2008.05.13"]
[Round "7.6"]
[White "Klocker, Elias"]
[Black "Duan, Felix"]
[Result "1-0"]
[WhiteElo "1635"]
[BlackElo "1476"]
[PlyCount "47"]
[EventDate "2008.05.10"]

1. e4 c5 2. Nc3 d6 3. g3 Nc6 4. d3 g6 5. Be3 Bg7 6. Qd2 e6 7. Bg2 Nge7 8. Bh6
O-O 9. h4 b5 10. h5 b4 11. Nd1 d5 12. Bxg7 Kxg7 13. exd5 exd5 14. hxg6 fxg6 15.
Qh6+ Kf7 16. Qxh7+ Ke8 17. Ne3 d4 18. Nc4 Bb7 19. f4 Kd7 20. O-O-O Kc8 21. Re1
Re8 22. Re6 Qd7 23. Rd6 Qg4 24. Bh3 1-0

[Event "aut_ychb14_2008"]
[Site "Wien - JGH Brigittenau"]
[Date "2008.05.13"]
[Round "7.7"]
[White "Kessler, Michaela"]
[Black "Knappitsch, Thomas"]
[Result "1-0"]
[WhiteElo "1750"]
[BlackElo "1816"]
[PlyCount "43"]
[EventDate "2008.05.10"]

1. e4 c5 2. Nf3 Nc6 3. d4 cxd4 4. Nxd4 g6 5. Nc3 Bg7 6. Be3 Nf6 7. Bc4 O-O 8.
Bb3 d6 9. f3 Bd7 10. Qd2 Rc8 11. O-O-O Ne5 12. g4 Nc4 13. Bxc4 Rxc4 14. h4 h5
15. Nd5 Nxd5 16. exd5 hxg4 17. h5 Bxd4 18. Bxd4 Bf5 19. hxg6 fxg6 20. c3 gxf3
21. Qh6 Rxd4 22. Qh7# 1-0

[Event "aut_ychb14_2008"]
[Site "Wien - JGH Brigittenau"]
[Date "2008.05.13"]
[Round "7.8"]
[White "Hribernig, Florian"]
[Black "Ly, Daniel"]
[Result "0-1"]
[WhiteElo "1472"]
[BlackElo "1627"]
[PlyCount "84"]
[EventDate "2008.05.10"]

1. Nf3 d5 2. d4 c6 3. c4 Nf6 4. Nc3 Bg4 5. Bf4 Bxf3 6. exf3 dxc4 7. Bxc4 e6 8.
O-O Be7 9. Re1 O-O 10. Qd3 Nbd7 11. Rad1 Nb6 12. Bb3 Qd7 13. Bg5 Nbd5 14. Nxd5
Nxd5 15. Bxe7 Nxe7 16. Re2 Rfd8 17. Red2 Qc7 18. Qe4 Rd7 19. Qe5 Rad8 20. Qxc7
Rxc7 21. Kf1 Rcd7 22. g4 c5 23. Ke2 Rxd4 24. Rxd4 Rxd4 25. Rxd4 cxd4 26. f4 Kf8
27. Kd3 Nc6 28. Ke4 b5 29. a4 b4 30. Bc4 Ke7 31. Bb5 d3 32. Kxd3 Na5 33. Kd4
Kd6 34. h4 f6 35. g5 fxg5 36. fxg5 e5+ 37. Ke4 Nb7 38. h5 a6 39. Be8 Ke6 40. g6
hxg6 41. hxg6 Nd6+ 42. Kd3 Nxe8 0-1

[Event "aut_ychb14_2008"]
[Site "Wien - JGH Brigittenau"]
[Date "2008.05.13"]
[Round "7.9"]
[White "Stolzlechner, Andreas"]
[Black "Riemelmoser, Markus"]
[Result "1-0"]
[WhiteElo "1520"]
[BlackElo "1522"]
[PlyCount "113"]
[EventDate "2008.05.10"]

1. e4 c5 2. Nf3 d6 3. d4 cxd4 4. Nxd4 Nf6 5. Nc3 a6 6. f3 e5 7. Nde2 Be6 8. Be3
Be7 9. Qd2 h5 10. Nd5 Bxd5 11. exd5 Qc7 12. O-O-O Nbd7 13. Qb4 Rc8 14. Nc3 b5
15. a4 bxa4 16. Qxa4 a5 17. Bb5 O-O 18. Ne4 Nb6 19. Nxf6+ Bxf6 20. Qb3 e4 21.
fxe4 a4 22. Bxa4 Nxa4 23. Qxa4 Rb8 24. Bd4 Bg5+ 25. Kb1 Ra8 26. Qb4 Rfb8 27.
Qc3 Qb7 28. b3 Ra6 29. Kb2 Rc8 30. Qd3 Rca8 31. Ra1 Ra5 32. Rxa5 Rxa5 33. Ra1
Rxa1 34. Kxa1 Qb4 35. Kb2 Qe1 36. Qc3 Bc1+ 37. Ka2 Qxe4 38. Bxg7 Qxd5 39. Qg3
Kh7 40. Bc3 Bh6 41. Qd3+ Qxd3 42. cxd3 Bf4 43. h3 f5 44. b4 Kg6 45. Kb3 Kg5 46.
b5 Kh4 47. Be1+ Kg5 48. b6 d5 49. b7 Bd6 50. Bf2 Bb8 51. Kc2 Kf4 52. Kd2 Ke5
53. Ke2 f4 54. Kf3 Kf5 55. g3 d4 56. gxf4 Ba7 57. Bxd4 1-0